<?xml version="1.0" encoding="UTF-8"?>
<marc:record xmlns:marc="http://www.loc.gov/MARC21/slim">
   <marc:leader>00000nam a2200000 a 4500</marc:leader>
   <marc:datafield ind1="1" ind2=" " tag="100">
      <marc:subfield code="a">Nicolaus &lt;de Cusa&gt;</marc:subfield>
      <marc:subfield code="4">aut</marc:subfield>
      <marc:subfield code="e">Verfasser/-in</marc:subfield>
   </marc:datafield>
   <marc:datafield ind1="0" ind2="0" tag="245">
      <marc:subfield code="a">De co[n]cordantia catholica Libri Tres R. Patris Nicolai De Cvsa Theologiae Ac Pontificii Ivris Professoris Eximii, Qvi Postea Merito Svo Maximo Effectvs Est Cardinalis TI. Sancti Petri Ad Vincvla</marc:subfield>
   </marc:datafield>
   <marc:datafield ind1=" " ind2="1" tag="264">
      <marc:subfield code="c">1514</marc:subfield>
   </marc:datafield>
   <marc:datafield ind1=" " ind2=" " tag="250">
      <marc:subfield code="a">[Bindeeinheit]</marc:subfield>
   </marc:datafield>
   <marc:datafield ind1="1" ind2=" " tag="520">
      <marc:subfield code="a">Vorlageform des Erscheinungsvermerks: Venu[n]dantur cum c[a]eteris Eivs Operibvs In Aedibvs Ascensianis. Vermerk am Titelbl. des ersten Werkes: Soc. Jesu Brixina, Bibliotheksmarke: Ad Bibliothecam P. P. Capucinorum Oeniponte; Titeleinfassung und Druckermarke am Titelbl. (Holzschnitt) http://zentralbibliothek.kapuziner.at/kupferstiche/provinzbibliothek/provinzbibliothek_3613.jpg, ill. Initialen (Initialen auf schwarzem Grund) im Text, gelber Schweinsledereinband auf Buchdeckeln aus Holz, Leder der Buchdeckel mit Streicheisenlinien, fleuralen Bordüren und Strängen (Mitte der Buchdeckel) verziert, eine fleurale Bordüre in Schwarz auf dem VD, vorderer Buchdeckel mit Aufschrift "nicolai De C", Buchrücken mit 3 doppelten Bünden, Linienverzierungen zwischen den Bünden, Titelschild "Nic. Cusae || Opera || 1514", Schnittkante mit Gelbfärbung, zwei rechteckige Messingschließen mit Lederscharnieren.</marc:subfield>
   </marc:datafield>
   <marc:datafield ind1="0" ind2=" " tag="490">
      <marc:subfield code="v">[3].</marc:subfield>
   </marc:datafield>
   <marc:datafield ind1=" " ind2=" " tag="300">
      <marc:subfield code="a">[2], LXXVI Bl.</marc:subfield>
   </marc:datafield>
</marc:record>
